Quaderns de serveis socials /

Publicat: Barcelona : el Servei , 1983
Descripció física: 6 vols. enquadernats ; periodicitat: trimestral, després irregular ; 21 cm.
Idioma: Català , Espanyol

MARC

LEADER 00000nas a2200000 a 4500
001 13405-13406, 6667, 9351, 10086, 10708, 11456, 12089, 12532
003 Arxiu
005 20260324181035.0
008 160829s9999 xx 000 0 cat d
008 160829s9999 xx 000 0 cat d
017 |a B 15640-1991 
017 |a B 30688-1983 
022 |a 0214-8420 
040 |a agdb 
041 |a cat  |a spa 
245 |a Quaderns de serveis socials /   |c Diputació de Barcelona, Servei de Serveis Socials 
260 |a Barcelona :   |b el Servei ;   |c [1983] - 
300 |a 6 vols. enquadernats ;   |b periodicitat: trimestral, després irregular ;   |c 21 cm. 
362 |a Núm. 1 (juny 1983)- ; [nova sèrie], 1 (1991)-17 (2000) 
500 |a Descripció basada en: Núm. 2 (set. 1983).  
500 |a Les dimensions varien: 21-24 cm.  
500 |a Reprenen la publicació amb nova numeració l'any 1986 i l'any 1991 
650 0 |a Serveis socials  |x Barcelona (Catalunya : Província)  |x Revistes  |9 29936 
655 0 |9 55823  |a Revistes 
710 |a Barcelona (Catalunya : Província).  |b Servei de Serveis Socials  |9 2896 
866 |a Núm. 2 (setembre 1983)  
866 |a Núm. 3 (desembre 1983)  
866 |a Núm. 1 (març 1991) - Núm. 17 (octubre 2000) 
901 |a Arxiu 
942 |n 1  |2 udc  |c REV 
952 |0 0  |1 0  |2 udc  |4 0  |6 REV407  |7 1  |9 45176  |a Arxiu  |b Arxiu  |d 2016-12-01  |h Núm. 1 (març 1991) - Núm. 3 (juliol 1992)  |o Rev-407  |p 9351  |r 2016-12-01 00:00:00  |w 2016-12-01  |y ARXIU 
952 |0 0  |1 0  |4 0  |6 PDL  |7 1  |9 63406  |a Arxiu  |b Arxiu  |d 2022-08-11  |h Núm. 14 (1999)  |o PDL  |p 26440  |r 2022-08-11 00:00:00  |w 2022-08-11  |y ARXIU 
952 |0 0  |1 0  |2 udc  |4 0  |6 REV408  |7 1  |9 64081  |a Arxiu  |b Arxiu  |d 2022-10-31  |h Núm. 4 (maig 1993) - Núm. 7 (juliol 1994)  |l 0  |o Rev-408  |p 10086  |r 2022-10-31 00:00:00  |w 2022-10-31  |y ARXIU 
952 |0 0  |1 0  |2 udc  |4 0  |6 REV409  |7 1  |9 64082  |a Arxiu  |b Arxiu  |d 2022-10-31  |h Núm. 8 (gener 1995) - Núm. 10 (desembre 1995)  |l 0  |o Rev-409  |p 10708  |r 2022-10-31 00:00:00  |w 2022-10-31  |y ARXIU 
952 |0 0  |1 0  |2 udc  |4 0  |6 REV410  |7 1  |9 64083  |a Arxiu  |b Arxiu  |d 2022-10-31  |h Núm. 11 (setembre 1996) - Núm. 12 (maig 1997)  |l 0  |o Rev-410  |p 11456  |r 2022-10-31 00:00:00  |w 2022-10-31  |y ARXIU 
952 |0 0  |1 0  |2 udc  |4 0  |6 REV411  |7 1  |9 64084  |a Arxiu  |b Arxiu  |d 2022-10-31  |h Núm. 13 (setembre 1998) - Núm. 15 (octubre 1999)  |l 0  |o Rev-411  |p 12089  |r 2022-10-31 00:00:00  |w 2022-10-31  |y ARXIU 
952 |0 0  |1 0  |2 udc  |4 0  |6 REV412  |7 1  |9 64085  |a Arxiu  |b Arxiu  |d 2022-10-31  |h Núm. 16 (febrer 2000) - Núm. 17 (octubre 2000)  |l 0  |o Rev-412  |p 12532  |r 2022-10-31 00:00:00  |w 2022-10-31  |y ARXIU 
952 |0 0  |1 0  |2 udc  |4 0  |6 REV582  |7 1  |9 65322  |a Arxiu  |b Arxiu  |d 2023-02-20  |h Núm. 2 (setembre 1983)  |l 0  |o Rev-582  |p 13405  |r 2023-02-20 00:00:00  |w 2023-02-20  |y ARXIU 
952 |0 0  |1 0  |2 udc  |4 0  |6 REV583  |7 1  |9 65323  |a Arxiu  |b Arxiu  |d 2023-02-20  |h Núm. 3 (desembre 1983)  |l 0  |o Rev-583  |p 13406  |r 2023-02-20 00:00:00  |w 2023-02-20  |y ARXIU 
999 |c 48247  |d 48247